1039 1184 1405 1991 1979 1995 1290 1778 1976 1479 1941 1727 1739 1088 1031 1426 1900 1160 1829 1415 1108 1538 1008 1251 1829 1989 1797 1227 1051 1679 1087 1154 1714 1290 1466 1350 1115 1973 1202 1107 1953 1800 1812 1284 1344 1947 1068 1418 1417 1325 1414 1457 1563 1654 1653 1797 1859 1355 1625 1534 1604 1399 1583 1454 1526 1882 1455 1470 1769 1784 1886 1026 1177 1414 1022 1770 1429 1297 1987 1010 1531 1453 1231 1003 1047 1421 1367 1677 1831 1346 1038 1478 1285 1479 1527 1785 1383 1042 1161 BCNSPRNW ULIB Ver.6.0+V

เปลี่ยนเป็นภาษาไทย

Change to English
 แสดงรายละเอียดบรรณานุกรม
  กลับหน้าหลัก

Brief Record : Get Marc (ISO 2709) : E-mail record : QR code < ปิดหน้าต่าง
LEADER : 00000nam 2200000uu 4500
001    13399126302
003     ULIB
008    180905s2561||||th 000 0 tha d
020    ^a9786164553095
060    ^aWS320^bพ17ร
100    ^aพรพิมล เรียนถาวร, บก
245    ^aโรคไตเรื้อรังในเด็ก = Pediatric Chronic Kidney Disease/^bพรพิมล เรียนถาวร, บก
250    ^aพิมพ์ครั้งที่ 1
260    ^aกรุงเทพฯ :^bเนติกุลการพิมพ์,^c2561
300    ^a220 หน้า
650    ^aโรคไต--เด็ก
945    ^p350^l0^i26520
945    ^p350^l0^i26519
999    ^aกัณชพร จุลอักษร
รายการนี้ยังไม่มีแท็ก
คุณยังไม่ได้ล็อกอิน คุณสามารถมีกิจกรรมร่วมกับเว็บไซต์ได้ แต่ต้องล็อกอินก่อน ::
  ล็อกอิน

รายการสื่อสารสนเทศ

ลำดับที่ ประเภท เลขเรียก/บาร์โค้ด สถานที่ สถานะ
1. หนังสือสำรอง
หนังสือสำรอง
WS320 พ17ร ฉ.1 
  Barcode: 26519
ห้องสมุดวิทยาเขตนครสวรรค์
►หนังสือทั่วไป:l:General Books
บนชั้น
2. วิทยาศาสตร์การแพทย์ และสุขภาพ
วิทยาศาสตร์การแพทย์ และสุขภาพ
WS320 พ17ร ฉ.2 
  Barcode: 26520
ห้องสมุดวิทยาเขตนครสวรรค์
►หนังสือทั่วไป:l:General Books
บนชั้น

รายการใกล้เคียง
    ผู้แต่ง [พรพิมล เรียนถาวร, บก]

    หัวเรื่อง [โรคไต--เด็ก]

BibComment


ยังไม่เคยถูกคอมเมนท์

คอมเมนท์ทรัพยากรรายการนี้
  คอมเมนท์: โรคไตเรื้อรังในเ..


 Copyright 2026. Bcnsprnw @Library